It looks like you're offline.
Open Library logo
additional options menu

MARC Record from marc_openlibraries_sanfranciscopubliclibrary

Record ID marc_openlibraries_sanfranciscopubliclibrary/sfpl_chq_2018_12_24_run05.mrc:49045381:6238
Source marc_openlibraries_sanfranciscopubliclibrary
Download Link /show-records/marc_openlibraries_sanfranciscopubliclibrary/sfpl_chq_2018_12_24_run05.mrc:49045381:6238?format=raw

LEADER: 06238cam a2200757 i 4500
001 843124455
003 OCoLC
005 20151005120703.0
008 130513s2012 nyu b 001 0 eng
010 $a2013370009
020 $a9780374533403 (pbk.)
020 $a0374533407 (pbk.)
035 $a843124455
035 $a(OCoLC)843124455
037 $bFarrar Straus & Giroux, C/O Mps 16365 James Madison Hwy, Gordonsville, VA, USA, 22942, (540)6727600$nSAN 631-5011
040 $aDLC$beng$erda$cDLC$dOCLCQ$dOCLCO$dVP@$dYDXCP$dGAVCL$dSFR$dUtOrBLW
043 $an-us-ca
049 $aSFRA
050 00 $aRA418.5.T73$bF33 2012
082 00 $a362.109794$223
092 $a306.461$bF1265s 2012
100 1 $aFadiman, Anne,$d1953-
245 14 $aThe spirit catches you and you fall down :$ba Hmong child, her American doctors, and the collision of two cultures /$cAnne Fadiman.
250 $aPaperback edition.
264 1 $aNew York :$bFarrar, Straus and Giroux,$c2012.
300 $aix, 355 pages ;$c21 cm.
336 $atext$btxt$2rdacontent
337 $aunmediated$bn$2rdamedia
338 $avolume$bnc$2rdacarrier
490 1 $aFSG Classics
500 $a"With a new afterword by the author"--Cover.
500 $a"Winner of the National Book Critics Circle Award"--Cover.
504 $aIncludes bibliographical references (pages 327-340) and index.
505 0 $aBirth -- Fish soup -- The spirit catches you and you fall down -- Do doctors eat brains? -- Take as directed -- High-velocity transcortical lead therapy -- Government property -- Foua and Nao Kao -- A little medicine and a little neeb -- War -- The big one -- Flight -- Code X -- The melting pot -- Gold and dross -- Why did they pick Merced? -- The eight questions -- The life or the soul -- The sacrifice.
520 $aThe Spirit Catches You and You Fall Down explores the clash between a small county hospital in California and a refugee family from Laos over the care of Lia Lee, a Hmong child diagnosed with severe epilepsy. Lia's parents and her doctors both wanted what was best for Lia, but the lack of understanding between them led to tragedy. Winner of the National Book Critics Circle Award for Nonfiction, the Los Angeles Times Book Prize for Current Interest, and the Salon Book Award, Anne Fadiman's compassionate account of this cultural impasse is literary journalism at its finest. -- Provided by Publisher on back cover.
650 0 $aTranscultural medical care$zCalifornia$vCase studies.
650 0 $aHmong American children$xMedical care$zCalifornia.
650 0 $aHmong Americans$xMedicine.
650 0 $aIntercultural communication.
650 0 $aEpilepsy in children.
830 0 $aFSG classics.
907 $a.b27415697$b12-22-18$c04-16-14
998 $aa5$a(2)b4$a(3)c2$a(2)e7$ae9$ai5$a(4)xgc$am2$am4$a(2)m6$am8$an4$a(2)o7$ap1$a(2)p3$ap5$ap7$ap9$ar3$as7$a(2)w2$b07-10-14$cm$da $e-$feng$gnyu$h4$i18
957 00 $aOCLC reclamation of 2017-18
907 $a.b27415697$b09-12-15$c04-16-14
938 $aYBP Library Services$bYANK$n7437227
956 $aPre-reclamation 001 value: ocn843124455
980 $a0714 Sh
998 $a(2)a5$a(2)b4$a(2)c2$a(2)e7$a(2)e9$a(4)xgc$a(2)m6$a(2)o7$a(2)p3$a(2)p5$a(2)p9$a(4)r3$a(4)w2$b07-10-14$cm$da$e-$feng$gnyu$h4$i32
994 $aC0$bSFR
999 $yMARS
945 $a306.461$bF1265s 2012$d - - $e10-25-2018 17:28$f0$g0$h11-14-18$i31223107556327$j361$0103$k - - $la5aaa$ol$p$15.00$q-$r-$s- $t1$u14$v17$w4$x2$y.i78411142$z07-30-14
945 $a306.461$bF1265s 2012$d06-29-2018 17:36$e12-29-2017 16:55$f0$g0$h02-07-18$i31223107556301$j251$0121$k07-20-18$lb4aaa$ol$p$15.00$q-$r-$sn $t1$u14$v13$w1$x3$y.i78411154$z07-30-14
945 $a306.461$bF1265s 2012$d - - $e10-03-2018 17:03$f0$g0$h10-20-18$i31223107556186$j161$0233$k - - $lc2aas$ol$p$15.00$q-$r-$sw $t1$u20$v33$w2$x4$y.i78411166$z07-30-14
945 $a306.461$bF1265s 2012$d - - $e12-27-2017 19:13$f0$g0$h02-06-18$i31223107556269$j141$0800$k - - $le7aaa$nMissing as of 2018-06-29$ol$p$15.00$q-$r-$sm $t1$u11$v10$w0$x2$y.i78411178$z07-30-14
945 $a306.461$bF1265s 2012$d - - $e11-04-2018 13:11$f0$g0$h12-05-18$i31223107556194$j101$0103$k - - $le9aaa$o-$p$15.00$q-$r-$s! $t1$u22$v25$w3$x3$y.i7841118x$z07-30-14
945 $a306.461$bF1265s 2012$d02-16-2018 12:08$e01-13-2018 16:27$f0$g0$h01-17-18$i31223107556277$j503$0503$k03-09-18$lxgcci$o-$p$15.00$q-$r-$sn $t1$u21$v30$w0$x5$y.i78411129$z07-30-14
945 $a306.461$bF1265s 2012$d11-14-2018 11:22$e07-18-2018 17:14$f1$g0$h10-10-18$i31223123590417$j503$0800$k12-26-18$lxgcci$o-$p$15.00$q-$r-$s- $t1$u2$v2$w2$x0$y.i95157311$z06-15-18
945 $a306.461$bF1265s 2012$d11-29-2018 11:46$e10-09-2018 13:24$f0$g0$h11-02-18$i31223107556210$j221$0193$k01-10-19$lxgcst$o-$p$15.00$q-$r-$s- $t1$u18$v13$w3$x6$y.i78411130$z07-30-14
945 $a306.461$bF1265s 2012$d - - $e11-12-2018 14:39$f0$g0$h11-28-18$i31223107556285$j201$0203$k - - $lm6aaa$o-$p$15.00$q-$r-$s- $t1$u28$v28$w4$x3$y.i78411191$z07-30-14
945 $a306.461$bF1265s 2012$d - - $e11-20-2018 12:52$f0$g0$h12-11-18$i31223107556228$j261$0261$k - - $lo7aaa$ol$p$15.00$q-$r-$s- $t1$u21$v21$w5$x2$y.i78411208$z07-30-14
945 $a306.461$bF1265s 2012$d12-01-2018 16:03$e09-24-2018 17:18$f1$g0$h10-29-18$i31223107556244$j231$0800$k01-10-19$lp3aaa$ol$p$15.00$q-$r-$s- $t1$u20$v22$w3$x3$y.i7841121x$z07-30-14
945 $a306.461$bF1265s 2012$d11-14-2018 18:40$e08-04-2018 12:33$f1$g0$h10-16-18$i31223107556251$j161$0800$k12-24-18$lp5aaa$o-$p$15.00$q-$r-$s- $t1$u14$v24$w2$x3$y.i78411221$z07-30-14
945 $a306.461$bF1265s 2012$d - - $e08-24-2018 13:01$f0$g0$h12-16-18$i31223107556236$j131$0800$k - - $lp9aaa$ol$p$15.00$q-$r-$s- $t1$u16$v13$w2$x5$y.i78411233$z07-30-14
945 $a306.461$bF1265s 2012$d08-27-2018 15:50$e08-14-2018 19:29$f2$g0$h08-24-18$i31223112355319$j101$0800$k10-30-18$lr3aaa$ol$p$15.00$q-$r-$s- $t1$u15$v34$w2$x3$y.i79875154$z12-11-14
945 $a306.461$bF1265s 2012$d - - $e11-09-2018 13:55$f0$g0$h11-26-18$i31223107556319$j351$0201$k - - $lw2aaa$mSat Dec 22 2018 09:59AM: IN TRANSIT from wpocirc to i5 $ol$p$15.00$q-$r-$st $t1$u14$v27$w1$x5$y.i78411257$z07-30-14